<?xml version="1.0" encoding="UTF-8"?>
<record
    xmlns:xsi="http://www.w3.org/2001/XMLSchema-instance"
    xsi:schemaLocation="http://www.loc.gov/MARC21/slim http://www.loc.gov/standards/marcxml/schema/MARC21slim.xsd"
    xmlns="http://www.loc.gov/MARC21/slim">

  <leader>00575nam a22001457a 4500</leader>
  <controlfield tag="008">150515b        xxu||||| |||| 00| 0 eng d</controlfield>
  <datafield tag="020" ind1=" " ind2=" ">
    <subfield code="a">1854375873</subfield>
  </datafield>
  <datafield tag="082" ind1=" " ind2=" ">
    <subfield code="a">709.2</subfield>
    <subfield code="b">R 815 j</subfield>
  </datafield>
  <datafield tag="100" ind1=" " ind2=" ">
    <subfield code="a">Rosenthal, Mark</subfield>
    <subfield code="9">2648</subfield>
  </datafield>
  <datafield tag="245" ind1=" " ind2=" ">
    <subfield code="a">Joseph Beuys</subfield>
    <subfield code="b">Actions, Vitrines, Environments</subfield>
    <subfield code="c">Rosenthal, Mark</subfield>
  </datafield>
  <datafield tag="260" ind1=" " ind2=" ">
    <subfield code="a">Houston</subfield>
    <subfield code="b">Menil Foundation</subfield>
    <subfield code="c">2004</subfield>
  </datafield>
  <datafield tag="300" ind1=" " ind2=" ">
    <subfield code="a">224 p.</subfield>
    <subfield code="b">ill. (col)</subfield>
    <subfield code="c">23x30.5 cm</subfield>
  </datafield>
  <datafield tag="650" ind1=" " ind2=" ">
    <subfield code="x">Beuys, Joseph-Exhibici&#xF3;n</subfield>
    <subfield code="x">Arte conceptual-Alemania-Exhibiciones</subfield>
    <subfield code="x">Exposici&#xF3;n obras colectivas biograficas</subfield>
    <subfield code="9">2649</subfield>
  </datafield>
  <datafield tag="700" ind1=" " ind2=" ">
    <subfield code="a"> Mark Rosenthal, Sean Rainbird, Claudia Schmuckli</subfield>
    <subfield code="9">2650</subfield>
  </datafield>
  <datafield tag="999" ind1=" " ind2=" ">
    <subfield code="c">590</subfield>
    <subfield code="d">590</subfield>
  </datafield>
  <datafield tag="952" ind1=" " ind2=" ">
    <subfield code="0">0</subfield>
    <subfield code="1">0</subfield>
    <subfield code="2">ddc</subfield>
    <subfield code="4">0</subfield>
    <subfield code="7">0</subfield>
    <subfield code="a">LV</subfield>
    <subfield code="b">LV</subfield>
    <subfield code="c">Monograf&#xED;as</subfield>
    <subfield code="d">2015-05-15</subfield>
    <subfield code="l">1</subfield>
    <subfield code="o">709.2 R 815 j</subfield>
    <subfield code="p">000613</subfield>
    <subfield code="r">2016-06-13 00:00:00</subfield>
    <subfield code="s">2016-06-13</subfield>
    <subfield code="w">2015-05-15</subfield>
    <subfield code="y">01</subfield>
  </datafield>
</record>
